000 00435nam a22001817a 4500
003 MPLRDC
005 20220104114506.0
008 210129b ||||| |||| 00| 0 eng d
082 _a855 WRH
100 _a王润华著
245 _a秋叶行
_c
250 _a初版
260 _a
_b合志文化实业股份有限
_c1988
300 _b
490 _a当代丛书;4
650 _a散文;随笔、日记
942 _cBK
_o855 WRH
999 _c7893
_d7883